| 000 | 00709nab#a2200241#c#4500 | ||
|---|---|---|---|
| 999 |
_c87863 _d87863 |
||
| 003 | IEF | ||
| 005 | 20191210181816.0 | ||
| 008 | 950704s1975 uuu|| #####0 b| |u | ||
| 040 |
_aIEF _cES-MaIEF |
||
| 100 | 1 |
_aAlbi Ibáñez, Emilio _9257 |
|
| 245 |
_aLa escuela de Estocolmo y la teoría de la provisión óptima de bienes sociales _c Emilio Albi Ibáñez |
||
| 260 | _c1975 | ||
| 500 | _aBibliografía | ||
| 650 | 4 |
_aHACIENDA PUBLICA _950201 |
|
| 650 | 4 |
_aTEORIAS _948553 |
|
| 650 | 4 |
_aBIENESTAR SOCIAL _933421 |
|
| 650 | 4 |
_aBIENES PUBLICOS _933416 |
|
| 650 | 4 |
_aFINANCIACION _944260 |
|
| 773 | 0 |
_tHacienda pública española _w34570 _g36, p. 273-275 |
|
| 942 | _2udc | ||
| 942 | _2udc | ||